iMovie '09 & iDVD for Mac OS X : Visual QuickStart Guide /

Visual QuickStart Guide -the quick and easy way to le arn! This full-color, amply illustrated, accessible book teaches readers the essential skills necessary for creating compelling movies with iMovie '09 and iDVD, Apple's consumer-friendly digital movie and DVD-burning software applicatio...

Full description

Bibliographic Details
Main Author: Carlson, Jeff (Author)
Corporate Author: Safari, an O'Reilly Media Company
Format: eBook
Language:English
Published: Peachpit Press, 2009.
Edition:1st edition.
Subjects:
Online Access:Connect to this electronic resource

MARC

Tag First Indicator Second Indicator Subfields
LEADER 00000uam a2200000 a 4500
001 in00004214213
005 20260123220604.4
006 m o d
007 cr cn
008 100513s2009 xx o eng
020 |z 9780321648495 
020 |z 0321601327 
020 |z 9780321601322 
020 |z 0321648498 
035 |a (CaSebORM)9780321648495 
040 |d UtOrBLW 
041 0 |a eng 
100 1 |a Carlson, Jeff,  |e author.  |0 http://id.loc.gov/authorities/names/n99025577 
245 1 0 |a iMovie '09 & iDVD for Mac OS X :  |b Visual QuickStart Guide /  |c Carlson, Jeff. 
250 |a 1st edition. 
264 1 |b Peachpit Press,  |c 2009. 
300 |a 1 online resource (272 pages) 
336 |a text  |b txt  |2 rdacontent 
337 |a computer  |b c  |2 rdamedia 
338 |a online resource  |b cr  |2 rdacarrier 
347 |a text file 
520 |a Visual QuickStart Guide -the quick and easy way to le arn! This full-color, amply illustrated, accessible book teaches readers the essential skills necessary for creating compelling movies with iMovie '09 and iDVD, Apple's consumer-friendly digital movie and DVD-burning software applications. Readers can follow the step-by-step instructions from the beginning to get a tour of the applications or look up specific tasks to learn just what they need to know. Longtime Macintosh and technology writer Jeff Carlson takes extra steps to ensure that readers understand all of the key aspects of digital movie making. Easy visual approach uses pictures to guide you through iMovie '09 and iDVD (and how they interact with the other iLife '09 applications) and show you what to do. Concise steps and explanations let you get up and running in no time. Page for page, the best content and value around. 
533 |a Electronic reproduction.  |b Boston, MA :  |c Safari,  |n Available via World Wide Web.  |d 2009. 
538 |a Mode of access: World Wide Web. 
542 |f Copyright © 2009 by Jeff Carlson  |g 2009 
588 |a Online resource; Title from title page (viewed May 21, 2009) 
500 |a Electronic resource. 
655 7 |a Electronic books.  |2 local 
710 2 |a Safari, an O'Reilly Media Company. 
856 4 0 |u https://proxy.library.tamu.edu/login?url=https://go.oreilly.com/TAMU/library/view/-/9780321648495/?ar  |z Connect to this electronic resource  |t 0 
999 f f |s e7eb293e-f3af-34eb-9777-2a15c05caaab  |i 7fe8c713-db9c-3f29-b869-63280e9ee93b  |t 0 
952 f f |a Texas A&M University  |b College Station  |c Electronic Resources  |s www_evans  |d Available Online  |t 0  |h No information provided 
998 f f |t 0  |l Available Online